Biodiversity Conservation Capacity Building In Egypt / (Record no. 3716)
[ view plain ]
| 000 -LEADER | |
|---|---|
| fixed length control field | 00818nac a22001931u 4500 |
| 020 ## - INTERNATIONAL STANDARD BOOK NUMBER | |
| International Standard Book Number | 00000414 |
| 082 ## - DEWEY DECIMAL CLASSIFICATION NUMBER | |
| Classification number | 363.706 |
| 090 ## - LOCALLY ASSIGNED LC-TYPE CALL NUMBER (OCLC); LOCAL CALL NUMBER (OCLC) | |
| -- | 3716 |
| -- | 3716 |
| 100 ## - MAIN ENTRY--PERSONAL NAME | |
| Personal name | 20080729 |
| 245 ## - TITLE STATEMENT | |
| Title | Biodiversity Conservation Capacity Building In Egypt / |
| Statement of responsibility, etc | Ministry of State for Environmental Affairs. Nature Conservation Sector |
| 260 ## - PUBLICATION, DISTRIBUTION, ETC. (IMPRINT) | |
| Place of publication, distribution, etc | Cairo: |
| Name of publisher, distributor, etc | Ministry of State for Environmental Affairs. Nature Conservation Sector, 2006 |
| Date of publication, distribution, etc | 2006 |
| 300 ## - PHYSICAL DESCRIPTION | |
| Extent | 173 p. |
| Other physical details | ill; |
| Dimensions | 30 cm. |
| 500 ## - GENERAL NOTE | |
| General note | Donations - Mohamed Kassas |
| 650 ## - SUBJECT ADDED ENTRY--TOPICAL TERM | |
| Topical term or geographic name as entry element | Environmental protection |
| 650 ## - SUBJECT ADDED ENTRY--TOPICAL TERM | |
| Topical term or geographic name as entry element | Biodiversity Conservation |
| 650 ## - SUBJECT ADDED ENTRY--TOPICAL TERM | |
| Topical term or geographic name as entry element | Environmental preservation |
| 942 ## - ADDED ENTRY ELEMENTS (KOHA) | |
| Item type | Book - Borrowing |
| Call number prefix | 363.706 |
| Withdrawn status | Item status | Source of classification or shelving scheme | Damaged status | Not for loan | Home library | Current library | Shelving location | Date acquired | Source of acquisition | Total Checkouts | Total Renewals | Full call number | Barcode | Date last seen | Date last borrowed | Koha item type |
|---|---|---|---|---|---|---|---|---|---|---|---|---|---|---|---|---|
| Dewey Decimal Classification | Central Library | Central Library | First floor | 09/05/2007 | Purchase | 2 | 8 | 363.706 BIO | 000039530 | 15/07/2025 | 16/11/2015 | Book - Borrowing |